| 000 | 00981cad a22002535a 4500 | ||
|---|---|---|---|
| 001 | L159411 | ||
| 008 | 170427s2017 xxk f 000 0 eng d | ||
| 020 | _a9780203018798 | ||
| 035 | _a(Sirsi) u159411 | ||
| 041 | 0 | _aeng | |
| 100 | 1 | _aEmmitt, Stephen | |
| 245 | 0 | 0 |
_aBarry's advanced construction of buildings _h[electronic resource] |
| 250 | _a3rd edition | ||
| 260 |
_aLondon _bJohn Wiley & Sons Ltd _c2014 |
||
| 300 | _aeBook | ||
| 520 | _aCovers the construction of larger-scale buildings (primarily residential, commercial and industrial) constructed with load bearing frames, fit-out and second fix, lifts and escalators, off-site construction, building obsolescence and revitalisation. | ||
| 590 | _aKA | ||
| 650 | 2 | 4 | _aEBOOK |
| 651 | 4 | _aENGLAND AND WALES | |
| 690 |
_aConstruction management _96230 |
||
| 700 | 1 | _aGorse, Christopher A. | |
| 856 | 4 | 8 |
_uhttps://www.vlebooks.com/ _zView on VLEbooks. Logins for members only from [email protected] |
| 942 | _n0 | ||
| 999 |
_c115876 _d115876 |
||